मकड़े का घर किसने तोड़ा / (Record no. 210744)

MARC details
000 -LEADER
fixed length control field 00802nam a22001817a 4500
005 - DATE AND TIME OF LATEST TRANSACTION
control field 20250403145348.0
010 ## - LCCN (DPL NO)
LC control number HIN-129583
020 ## - INTERNATIONAL STANDARD BOOK NUMBER
International Standard Book Number 9788196294038
Terms of availability 350.00
035 ## - SYSTEM CONTROL NUMBER
System control number HN-101929
037 ## - SOURCE OF ACQUISITION
Source of stock number/acquisition DBAD
082 ## - DEWEY DECIMAL CLASSIFICATION NUMBER
Classification number 821
100 ## - MAIN ENTRY--PERSONAL NAME
Personal name महली, रंजीत कुमार
245 ## - TITLE STATEMENT
Title मकड़े का घर किसने तोड़ा /
Statement of responsibility, etc रंजीत कुमार महली
260 ## - PUBLICATION, DISTRIBUTION, ETC. (IMPRINT)
Place of publication, distribution, etc हरियाणा
Name of publisher, distributor, etc सतलुज प्रकाशन
Date of publication, distribution, etc 2023
270 ## - ADDRESS
Address एस.सी.एफ. 267 , (प्रथम तल)सेक्टर 16
City पंचकुला , हरियाणा
Postal code 134113
Telephone number 0172-2566952
300 ## - PHYSICAL DESCRIPTION
Extent 159पृ.
Dimensions 24 सेमी (सजिल्द )
942 ## - ADDED ENTRY ELEMENTS (KOHA)
Source of classification or shelving scheme Dewey Decimal Classification
Item type Hindi Books
Classification part 821
Call number suffix महली
Edition प्रथम
Holdings
Withdrawn status Lost status Not for loan Collection code Home library Current library Date acquired Source of acquisition Cost, normal purchase price Full call number Barcode Copy number Cost, replacement price Koha item type
      Fiction Patel Nagar Patel Nagar 03/04/2025 DBAD 350.00 821 महली HN-101929 1 350.00 Hindi Books

© Delhi Public Library
Hit Counter
free hit counter